书目信息 |
| 题名: |
微机在自动控制系统中的应用
|
|
| 作者: | 刘敏清 , 王元一 编著 | |
| 分册: | ||
| 出版信息: | 北京 中国铁道出版社 1987.11 |
|
| 页数: | 409页 | |
| 开本: | 20cm | |
| 丛书名: | ||
| 单 册: | ||
| 中图分类: | U260.39 | |
| 科图分类: | ||
| 主题词: | 机车工程 | |
| 电子资源: | ||
| ISBN: | ||
| 000 | 00649nam0 2200217 45 | |
| 001 | 0312221749 | |
| 005 | 20040514084511.6 | |
| 010 | @dCNY4.05 | |
| 091 | @a15043.4239 | |
| 100 | @a20031222d1987 km y0chiy0120 ea | |
| 101 | @achi | |
| 105 | @a z 000yy | |
| 200 | 1 | @a微机在自动控制系统中的应用@AWei Ji Zai Zi Dong Kong Zhi Xi Tong Zhong De Ying Yong@f刘敏清,王元一编著@FLiu Min Qing,Wang Yuan Yi Bian Zhu |
| 210 | @a北京@c中国铁道出版社@d1987.11 | |
| 215 | @a409页@d20cm | |
| 606 | 0 | @a机车工程 |
| 690 | @aU260.39@v3 | |
| 701 | 0 | @a刘敏清@4编著 |
| 701 | 0 | @a王元一@4编著 |
| 801 | @aCN@bTSTCL@c20031222 | |
| 905 | @dU260.39@e46@f2@b206267-268 | |
| 微机在自动控制系统中的应用/刘敏清,王元一编著.-北京:中国铁道出版社,1987.11 |
| 409页;20cm |
| ISBN :CNY4.05 |
| ● |
| 相关链接 |
|
|
|
|
正题名:微机在自动控制系统中的应用
索取号:U260.39/46
 
预约/预借
| 序号 | 登录号 | 条形码 | 馆藏地/架位号 | 状态 | 备注 |
| 1 | 0206267 | 001487251 | 第三借阅区/ [索取号:U260.39/46] | 在馆 | |
| 2 | 0206268 | 001487322 | 第三借阅区/ [索取号:U260.39/46] | 在馆 | |
| 3 | 0206269 | 001487313 | 第二样本阅览室/ [索取号:U260.39/46] | 在馆 |